[Event "GRE-ch U14"]
[Site "Peristeri"]
[Date "2023.07.03"]
[Round "1"]
[White "Agiakatsikas, Konstantinos"]
[Black "Skodras, Marios Konstantinos"]
[Result "0-1"]
[WhiteElo "1122"]
[BlackElo "1636"]
[PlyCount "54"]
[EventDate "2023.07.03"]
[EventType "swiss"]
[EventRounds "9"]
[EventCountry "GRE"]
[SourceTitle "EXT 2024"]
[Source "ChessBase"]
[SourceDate "2023.10.10"]
[SourceVersion "1"]
[SourceVersionDate "2023.10.10"]
[SourceQuality "1"]

1. d4 d5 2. Nc3 Nf6 3. Bf4 e6 4. Nb5 Bd6 5. Nxd6+ cxd6 6. e3 Nc6 7. Nf3 0-0 8. Bd3 Re8 9. c4 e5 10. cxd5 Qa5+ 11. Qd2 Qxd5 12. dxe5 dxe5 13. Bg5 e4 14. Bxf6 exd3 15. Bc3 Bg4 16. Rg1 Rad8 17. h3 Bh5 18. g4 Bg6 19. Nh4 Ne5 20. Bxe5 Qxe5 21. Nxg6 fxg6 22. Rc1 Qh2 23. Rf1 Rd7 24. Rc3 Red8 25. f4 Qxh3 26. g5 Re7 27. Kd1 Qxf1+ 0-1

[Event "GRE-ch South U12"]
[Site "Athens"]
[Date "2020.09.03"]
[Round "9"]
[White "Mourelatos, Spyridon"]
[Black "Agiakatsikas, Konstantinos"]
[Result "1-0"]
[WhiteElo "1669"]
[BlackElo "1004"]
[PlyCount "47"]
[EventDate "2020.08.28"]
[EventType "swiss"]
[EventRounds "9"]
[EventCountry "GRE"]
[SourceTitle "EXT 2023"]
[Source "ChessBase"]
[SourceDate "2022.10.05"]
[SourceVersion "1"]
[SourceVersionDate "2022.10.05"]
[SourceQuality "1"]

1. e4 e5 2. Nf3 Nf6 3. Nxe5 d6 4. Nf3 Nxe4 5. Nc3 Nxc3 6. dxc3 Be7 7. Bf4 0-0 8. Qd2 Nd7 9. 0-0-0 Nf6 10. Bd3 c5 11. c4 Qb6 12. h3 a5 13. g4 Qb4 14. c3 Qa4 15. Qe2 Re8 16. Bb1 Be6 17. b3 Qa3+ 18. Kc2 Bd8 19. Qd3 Bc7 20. Bc1 Bxc4 21. Qxc4 Re4 22. Bxa3 Rxc4 23. bxc4 Ne4 24. Rhf1 1-0

[Event "GRE-ch South U12"]
[Site "Athens"]
[Date "2020.08.31"]
[Round "6"]
[White "Styfougias, Evangelos"]
[Black "Agiakatsikas, Konstantinos"]
[Result "1/2-1/2"]
[WhiteElo "1317"]
[BlackElo "1004"]
[PlyCount "99"]
[EventDate "2020.08.28"]
[EventType "swiss"]
[EventRounds "9"]
[EventCountry "GRE"]
[SourceTitle "EXT 2023"]
[Source "ChessBase"]
[SourceDate "2022.10.05"]
[SourceVersion "1"]
[SourceVersionDate "2022.10.05"]
[SourceQuality "1"]

1. e4 e5 2. Nf3 Nf6 3. d4 Nxe4 4. Bd3 d5 5. Nxe5 Bd6 6. 0-0 0-0 7. c4 c6 8. cxd5 cxd5 9. Nc3 Nxc3 10. bxc3 Nc6 11. f4 Qc7 12. Qh5 h6 13. Qf3 Rd8 14. Bd2 Bxe5 15. fxe5 Be6 16. Qg3 Kh8 17. Rf4 Ne7 18. Rh4 Nf5 19. Bxf5 Bxf5 20. Rf1 Qd7 21. Bxh6 gxh6 22. Qg5 Bh7 23. Qxh6 f5 24. e6 Qg7 25. Rxf5 Qxh6 26. Rxh6 Kg7 27. Rfh5 Bg6 28. Rh3 Rh8 29. Rxh8 Rxh8 30. Rf3 Rf8 31. Re3 Re8 32. Re5 Be4 33. c4 Bb1 34. cxd5 Bxa2 35. e7 Bb3 36. d6 Ba4 37. Ra5 Bc6 38. d5 Bd7 39. Rxa7 Bc8 40. Ra5 Bd7 41. Rc5 b5 42. Rc7 Bf5 43. d7 Bxd7 44. Rxd7 b4 45. Rb7 Kf6 46. d6 b3 47. Rxb3 Ke6 48. Rd3 Rg8 49. Re3+ Kd7 50. Kf2 1/2-1/2